|
|
|
|
| LEADER |
02366nam a2200637 i 4500 |
| 001 |
nkc20253690298 |
| 003 |
CZ PrNK |
| 005 |
20250708121039.0 |
| 007 |
ta |
| 008 |
250625s2025 xr abh f 000 0 cze |
| 015 |
|
|
|a cnb003690298
|
| 020 |
|
|
|a 978-80-53039-23-9
|q (brožováno)
|
| 035 |
|
|
|a (OCoLC)1531362324
|
| 040 |
|
|
|a ABA001
|b cze
|e rda
|
| 043 |
|
|
|a e-xr---
|
| 045 |
|
|
|a y2y2
|
| 072 |
|
7 |
|a 37.09
|x Organizace výuky a vzdělávání
|2 Konspekt
|9 22
|
| 080 |
|
|
|a 37.091.214
|2 MRF
|
| 080 |
|
|
|a 373.3:7
|2 MRF
|
| 080 |
|
|
|a 377:72/76
|2 MRF
|
| 080 |
|
|
|a 303.62
|2 MRF
|
| 080 |
|
|
|a (437.3)
|2 MRF
|
| 080 |
|
|
|a (047.31)
|2 MRF
|
| 080 |
|
|
|a (084.21)
|2 MRF
|
| 100 |
1 |
|
|a Šťastná, Kateřina
|4 aut
|
| 245 |
1 |
0 |
|a Analýza využívání RVP a ŠVP v základních uměleckých školách :
|b tematická zpráva /
|c Kateřina Šťastná, Tomáš Pavlas, Lucie Mokrá, Petr Suchomel
|
| 250 |
|
|
|a 1. vydání
|
| 264 |
|
1 |
|a Praha :
|b Česká školní inspekce,
|c 2025
|
| 300 |
|
|
|a 72 stran :
|b barevné ilustrace, mapy, faksimile ;
|c 30 cm
|
| 336 |
|
|
|a text
|b txt
|2 rdacontent
|
| 337 |
|
|
|a bez média
|b n
|2 rdamedia
|
| 338 |
|
|
|a svazek
|b nc
|2 rdacarrier
|
| 500 |
|
|
|a Na obálce označení: 2024/2025
|
| 504 |
|
|
|a Obsahuje bibliografické odkazy
|
| 648 |
|
7 |
|a 2021-2030
|7 ch1094457
|2 czenas
|
| 648 |
|
4 |
|a 2024
|
| 650 |
0 |
7 |
|a vzdělávací programy
|7 ph127309
|z Česko
|2 czenas
|
| 650 |
0 |
7 |
|a základní umělecké školy
|7 ph127724
|z Česko
|2 czenas
|
| 650 |
0 |
7 |
|a umělecké vzdělávání
|7 ph845831
|z Česko
|2 czenas
|
| 650 |
0 |
7 |
|a dotazníkové šetření
|7 ph1126913
|z Česko
|y 2021-2030
|2 czenas
|
| 650 |
0 |
9 |
|a educational programs
|z Czechia
|2 eczenas
|
| 650 |
0 |
9 |
|a elementary art schools
|z Czechia
|2 eczenas
|
| 650 |
0 |
9 |
|a art education
|z Czechia
|2 eczenas
|
| 650 |
0 |
9 |
|a questionnaire survey
|z Czechia
|y 2021-2030
|2 eczenas
|
| 655 |
|
7 |
|a výzkumné zprávy
|7 fd131869
|2 czenas
|
| 655 |
|
7 |
|a grafy
|7 fd132406
|2 czenas
|
| 655 |
|
9 |
|a research reports
|2 eczenas
|
| 655 |
|
9 |
|a charts, diagrams, etc.
|2 eczenas
|
| 700 |
1 |
|
|a Pavlas, Tomáš
|7 xx0264530
|4 aut
|
| 700 |
1 |
|
|a Mokrá, Lucie,
|d 1978-
|7 mzk2008442871
|4 aut
|
| 700 |
1 |
|
|a Suchomel, Petr
|7 pna2013747748
|4 aut
|
| 910 |
2 |
|
|a BOA001
|b 4-1546.455
|
| 990 |
|
|
|a BK
|
| 995 |
|
|
|a 01
|
| 991 |
|
|
|b 202507
|c NOV
|
| 996 |
6 |
|
|b 2611006840
|c 4-1546.455
|l MZK
|r Sklad / do 1 hodiny
|n 1
|p p.v.
|w 002009886
|u 000010
|a 1
|e BOA001
|j MZK50
|s P
|